000
00247nam a2200097Ia 4500
008
170619s9999 xx 000 0 und d
100
_a
Cooper- George
245
0
_a
Probabilistic Methods of Signal and System Analysis
260
_b
Oxford
260
_c
2010
546
_a
ENGLISH
999
_c
20876
_d
20876